Physical examination of the musculoskeletal system / (Record no. 4083)
[ view plain ]
| 000 -LEADER | |
|---|---|
| fixed length control field | 00815cam a2200253 a 4500 |
| 001 - CONTROL NUMBER | |
| control field | 1932647 |
| 005 - DATE AND TIME OF LATEST TRANSACTION | |
| control field | 20250221201539.0 |
| 008 - FIXED-LENGTH DATA ELEMENTS--GENERAL INFORMATION | |
| fixed length control field | 860402s1987 ilua b 001 0 eng c |
| 020 ## - INTERNATIONAL STANDARD BOOK NUMBER | |
| International Standard Book Number | 081516744X |
| 050 10 - LIBRARY OF CONGRESS CALL NUMBER | |
| Classification number | RD734 |
| Item number | .P48 1987 |
| 082 00 - DEWEY DECIMAL CLASSIFICATION NUMBER | |
| Classification number | 616.7/0754 |
| Edition information | 19 |
| 245 00 - TITLE STATEMENT | |
| Title | Physical examination of the musculoskeletal system / |
| Statement of responsibility, etc. | [edited by] Melvin Post. |
| 260 ## - PUBLICATION, DISTRIBUTION, ETC. | |
| Place of publication, distribution, etc. | Chicago : |
| Name of publisher, distributor, etc. | Year Book Medical Publishers, |
| Date of publication, distribution, etc. | c1987. |
| 300 ## - PHYSICAL DESCRIPTION | |
| Extent | xv, 311 p. : |
| Other physical details | ill. ; |
| Dimensions | 26 cm. |
| 650 #0 - SUBJECT ADDED ENTRY--TOPICAL TERM | |
| Topical term or geographic name entry element | Orthopedics |
| General subdivision | Diagnosis. |
| 650 #0 - SUBJECT ADDED ENTRY--TOPICAL TERM | |
| Topical term or geographic name entry element | Musculoskeletal system |
| General subdivision | Diseases |
| -- | Diagnosis. |
| 650 #0 - SUBJECT ADDED ENTRY--TOPICAL TERM | |
| Topical term or geographic name entry element | Physical diagnosis. |
| 650 #2 - SUBJECT ADDED ENTRY--TOPICAL TERM | |
| Topical term or geographic name entry element | Bone Diseases |
| General subdivision | diagnosis. |
| 650 #2 - SUBJECT ADDED ENTRY--TOPICAL TERM | |
| Topical term or geographic name entry element | Joint Diseases |
| General subdivision | diagnosis. |
| 650 #2 - SUBJECT ADDED ENTRY--TOPICAL TERM | |
| Topical term or geographic name entry element | Musculoskeletal System. |
| 650 #2 - SUBJECT ADDED ENTRY--TOPICAL TERM | |
| Topical term or geographic name entry element | Physical Examination. |
| 700 1# - ADDED ENTRY--PERSONAL NAME | |
| Personal name | Post, Melvin, |
| Dates associated with a name | 1928- |
| 942 ## - ADDED ENTRY ELEMENTS (KOHA) | |
| Source of classification or shelving scheme | Library of Congress Classification |
| Koha item type | Books |
| Suppress in OPAC | No |
| 999 ## - | |
| -- | 4083 |
| -- | 4083 |
| Withdrawn status | Lost status | Source of classification or shelving scheme | Damaged status | Not for loan | Collection | Home library | Current library | Shelving location | Date acquired | Total checkouts | Full call number | Barcode | Date last seen | Copy number | Price effective from | Koha item type |
|---|---|---|---|---|---|---|---|---|---|---|---|---|---|---|---|---|
| Library of Congress Classification | Non-fiction | Science Library (Miotso) | Science Library (Miotso) | General stacks | 02/21/2025 | RD734 .P48 POS | SLM00003548 | 02/21/2025 | 1 | 02/21/2025 | Books |